006620000a22002650004500440004200000500002800042650001600070650002200086650001400108650001400122650002900136650001100165650001400176651001000190082002100200518001300221530000600234100002300240245004400263020001800307260003800325260000900363300001600372041000800388 aBlackwell textbook in linguisticsb10 aBibliography: p.382-395 aLinguistics aJapanese language aPhonetics aPhonology aMorphology 'Linguistics' aSyntax aSemantics aJapan a495.6bT789icJS a20040505 aM aTsujimura, Natsuko aAn introduction to Japanese linguistics a0-631-19856-3 aMaldenbBlackwell Publishing, USA c1996 axiii, 401p. aEng